000 01211nam a2200325 a 4500
001 680
003 MYCC
005 20260204110452.0
008 260204s2025 nyua b 001 0 eng d
020 _a9781250404855
_qpaperback
040 _aMYCC
_beng
_cMYCC
_dMYCC
_erda
082 0 4 _223
_a006.3
090 0 0 _a006.3
_dMIT
100 1 _aMitchell, Melanie
_c(Computer scientist),
_eauthor.
245 1 _aArtificial Intelligence:
_bA Guide for Thinking Humans /
_cMelanie Mitchell.
250 _aPaperback reissue edition, 2025
264 1 _aNew York :
_bPicador,
_c2025.
264 4 _c©2019
300 _axiv, 317 pages:
_billustrations ;
_c21 cm
336 _2rdacontent
_atext
337 _2rdamedia
_aunmediated
338 _2rdacarrier
_avolume
500 _a"Originally published in 2019 by Farrar, Straus, Giroux" -- title page verso.
500 _a"First paperback edition, 2020" -- title page verso.
504 _aIncludes bibliographical references and index.
505 0 _aBackground -- Looking and seeing -- Learning to play -- Artificial intelligence meets natural language -- The barrier of meaning.
650 0 _aArtificial intelligence.
650 0 _aMachine learning.
942 _2ddc
_cBK
999 _c680
_d680